000 00700nam a2200205 a 4500
001 1185253
003 OSt
005 20140722213002.0
008 970124s1996 nq a 000 0 spa
010 _a 97107945
040 _cBMC
082 _a346.015728
100 1 _96920
_aGiammattei Avilés, Jorge Antonio
245 1 0 _aFundamentos constitucionales e internacionales del derecho de familia en Centroamérica
_cJorge Antonio Giammattei Avilés ; [Mireya Guerrero Gémez]
260 _aManagua
_bCorte Centroamericana de Justicia
_c1996
300 _a89 p.
_bil.
_c21 cm
650 2 4 _aDerecho de familia
_zAmérica central
_915910
700 1 _aGuerrero Gómez, Mireya
_914871
942 _2ddc
_cBK
999 _c8280
_d8280